000 00792nam a2200265Ia 4500
003 OSt
005 20220924115321.0
006 a|||||r|||| 00| 0
007 ta
008 220923b |||||||| |||| 00| 0 urd d
020 _a9789381029398 (hbk)
020 _cINR 200.00
024 _a324114
037 _b4935, 25/02/2017, Kitabi Duniya
_cTextual
040 _aARTS
_cARTS
_burd
041 _2urd
_aurd
082 _aO168,4NBAx, Q1
100 _aZauqi Mosharraf Alam Ed.
_9177725
245 0 _aMeri tamam sarguzisht
260 _aDelhi
_bArshia publications India
_c2011
300 _a150p.
_ccm.
650 _aURDU LETTERS
942 _hO168,4NBAx, Q1
_cTEXL
_2CC
999 _c397787
_d397787